First among equals (Record no. 85071)

MARC details
000 -LEADER
fixed length control field 01069cab a22003015a 4500
001 - CONTROL NUMBER
control field L159946
008 - FIXED-LENGTH DATA ELEMENTS--GENERAL INFORMATION
fixed length control field 150113e2017 xxk 000 0 eng d
035 ## - SYSTEM CONTROL NUMBER
System control number (Sirsi) u159946
041 0# - LANGUAGE CODE
Language code of text/sound track or separate title eng
050 ## - LIBRARY OF CONGRESS CALL NUMBER
-- 18
100 1# - MAIN ENTRY--PERSONAL NAME
Personal name Aronsohn
-- Alexander
245 00 - TITLE STATEMENT
Title First among equals
Medium [electronic resource]
260 ## - PUBLICATION, DISTRIBUTION, ETC.
Place of publication, distribution, etc. London
Name of publisher, distributor, etc. RICS
Date of publication, distribution, etc. 2017
490 ## - SERIES STATEMENT
Series statement RICS Building Surveying Journal
Volume/sequential designation March - April 2017, 18-19(2)
520 ## - SUMMARY, ETC.
Summary, etc. Explains why international standards are so important throughout the property development process.
650 24 - SUBJECT ADDED ENTRY--TOPICAL TERM
Topical term or geographic name entry element STANDARDS
650 24 - SUBJECT ADDED ENTRY--TOPICAL TERM
Topical term or geographic name entry element ETHICS
650 24 - SUBJECT ADDED ENTRY--TOPICAL TERM
Topical term or geographic name entry element INTERNATIONAL ETHICS STANDARDS
650 24 - SUBJECT ADDED ENTRY--TOPICAL TERM
Topical term or geographic name entry element INTERNATIONAL LAND MEASUREMENT STANDARDS
650 24 - SUBJECT ADDED ENTRY--TOPICAL TERM
Topical term or geographic name entry element INTERNATIONAL CONSTRUCTION MEASUREMENT STANDARDS
650 24 - SUBJECT ADDED ENTRY--TOPICAL TERM
Topical term or geographic name entry element INTERNATIONAL PROPERTY MEASUREMENT STANDARDS
650 24 - SUBJECT ADDED ENTRY--TOPICAL TERM
Topical term or geographic name entry element INTERNATIONAL VALUATION STANDARDS
651 #4 - SUBJECT ADDED ENTRY--GEOGRAPHIC NAME
Geographic name International
690 ## - LOCAL SUBJECT ADDED ENTRY--TOPICAL TERM (OCLC, RLIN)
Topical term or geographic name as entry element Measurement
9 (RLIN) 6256
856 40 - ELECTRONIC LOCATION AND ACCESS
Uniform Resource Identifier <a href="https://issuu.com/ricsmodus/docs/building_surveying_journal_march_ap">https://issuu.com/ricsmodus/docs/building_surveying_journal_march_ap</a>
Link text Available free online via Issuu
856 40 - ELECTRONIC LOCATION AND ACCESS
Uniform Resource Identifier <a href=""></a>
Public note
942 ## - ADDED ENTRY ELEMENTS (KOHA)
Suppress in OPAC 0
Holdings
Withdrawn status Lost status Source of classification or shelving scheme Damaged status Not for loan Home library Current library Shelving location Date acquired Total Checkouts Full call number Barcode Date last seen Copy number Price effective from Koha item type
    Dewey Decimal Classification     London London Journal article 11/04/2018   L159946 159946-1001 06/08/2019 1 06/08/2019 Journal article